Linear Algebra with Applications/ (Record no. 172458)

MARC details
000 -LEADER
fixed length control field 00600nam a22002057a 4500
005 - DATE AND TIME OF LATEST TRANSACTION
control field 20200205160748.0
010 ## - LCCN (DPL NO)
LC control number ENG-127649
020 ## - INTERNATIONAL STANDARD BOOK NUMBER
International Standard Book Number 9789353433048
Terms of availability 549.00
035 ## - SYSTEM CONTROL NUMBER
System control number EN-111181
037 ## - SOURCE OF ACQUISITION
Source of stock number/acquisition DBAD/PUB
082 ## - DEWEY DECIMAL CLASSIFICATION NUMBER
Classification number 512.5
100 ## - MAIN ENTRY--PERSONAL NAME
Personal name Bretscher,Otto
245 ## - TITLE STATEMENT
Title Linear Algebra with Applications/
Remainder of title by Otto Bretscher
250 ## - EDITION STATEMENT
Edition statement 5th
260 ## - PUBLICATION, DISTRIBUTION, ETC. (IMPRINT)
Place of publication, distribution, etc Noida
Name of publisher, distributor, etc Pearson
Date of publication, distribution, etc 2019
270 ## - ADDRESS
City Noida
Address 15th floor,Tower-B,World Trade Tower,plot no.1,Block-c,sector 16
Postal code 201301
300 ## - PHYSICAL DESCRIPTION
Extent xv;508p.
Other physical details 23cm(pbk)
500 ## - GENERAL NOTE
General note include index
942 ## - ADDED ENTRY ELEMENTS (KOHA)
Source of classification or shelving scheme Dewey Decimal Classification
Item type English Books
Classification part 512.5
Call number suffix BRE
Holdings
Withdrawn status Lost status Not for loan Collection code Home library Current library Date acquired Source of acquisition Cost, normal purchase price Full call number Barcode Copy number Cost, replacement price Koha item type
      Non-fiction Ashok Vihar Ashok Vihar 05/02/2020 DBAD/PUB 549.00 512.5 BRE EN-111181 1 549.00 English Books

© Delhi Public Library
Hit Counter
free hit counter